000 00698nam a2200181Ia 4500
005 20250326142844.0
008 250326s9999 xx 000 0 und d
037 _aTextbook
040 _aFMSL
_beng
_cFMSL
041 _aeng
_2eng
084 _an44P02 P2
_qFMSL
100 _aIndia, Information And Broadcasting( Ministry Of.........) Research, Reference And Training (division)
_9744283
245 0 _aIndia 2002 : A reference annual
_cIndia, Information And Broadcasting( Ministry Of.........) Research, Reference And Training (division)
260 _aNew Delhi
_bNew Delhi, Publication Deivision
_c2002
300 _a868p
942 _cTB
_hn44P02 P2
999 _c1296958
_d1296958